People's Linguistic Survey Of India: (Record no. 206127)
[ view plain ]
| 000 -LEADER | |
|---|---|
| fixed length control field | 00704nam a22002057a 4500 |
| 005 - DATE AND TIME OF LATEST TRANSACTION | |
| control field | 20241007120251.0 |
| 010 ## - LCCN (DPL NO) | |
| LC control number | ENG-141922 |
| 020 ## - INTERNATIONAL STANDARD BOOK NUMBER | |
| Terms of availability | 1425.00 |
| International Standard Book Number | 9789354421068(Vol 47) |
| 035 ## - SYSTEM CONTROL NUMBER | |
| System control number | EN-125454 |
| 037 ## - SOURCE OF ACQUISITION | |
| Source of stock number/acquisition | DBAD |
| 082 ## - DEWEY DECIMAL CLASSIFICATION NUMBER | |
| Classification number | 401.0954 |
| 245 ## - TITLE STATEMENT | |
| Title | People's Linguistic Survey Of India: |
| Remainder of title | Indian Languages in the Diaspora/ |
| Statement of responsibility, etc | Edited by G.N. Devy [and] T. Vijay Kumar |
| 260 ## - PUBLICATION, DISTRIBUTION, ETC. (IMPRINT) | |
| Place of publication, distribution, etc | Himayatnagar , Hyderabad |
| Name of publisher, distributor, etc | Orient Blackswan Private Limited |
| Date of publication, distribution, etc | 2022 |
| 270 ## - ADDRESS | |
| City | Telangana |
| Address | 3-6-752 , Himayatnagar |
| Postal code | 500029 |
| 300 ## - PHYSICAL DESCRIPTION | |
| Extent | 122p; |
| Dimensions | 25cm(hb) |
| 490 ## - SERIES STATEMENT | |
| Volume number/sequential designation | 47 |
| 700 ## - ADDED ENTRY--PERSONAL NAME | |
| Personal name | Devy, G.N. |
| Relator term | Editor |
| 9 (RLIN) | 72413 |
| 700 ## - ADDED ENTRY--PERSONAL NAME | |
| Personal name | T. Vijay Kumar |
| Relator term | Editor |
| 9 (RLIN) | 72414 |
| 942 ## - ADDED ENTRY ELEMENTS (KOHA) | |
| Source of classification or shelving scheme | Dewey Decimal Classification |
| Item type | English Books |
| Classification part | 401.0954 |
| Call number suffix | PEO |
| Withdrawn status | Lost status | Not for loan | Collection code | Home library | Current library | Date acquired | Source of acquisition | Cost, normal purchase price | Full call number | Barcode | Copy number | Cost, replacement price | Koha item type |
|---|---|---|---|---|---|---|---|---|---|---|---|---|---|
| Non-fiction | Central Library | Central Library | 07/10/2024 | Delivery of Books Act Division | 1425.00 | 401.0954 PEO | EN-125454 | 1 | 1425.00 | English Books |
